Statystyki dla Jagiellonia Białystok, jesień 2019/2020

Kliknij tutaj aby rozwiązać quiz!

Ogólne statystyki

  • Ten quiz został rozwiązany 175 razy
    (160 od ostatniego zresetowania)
  • Średni wynik to 12 z 29

Statystyki odpowiedzi

PozycjaImię i Nazwisko% Poprawnych
PomocnikJesus Imaz
80%
PomocnikTaras Romanczuk
79%
ObrońcaIvan Runje
71%
BramkarzDamian Węglarz
63%
NapastnikPatryk Klimala
59%
NapastnikBartosz Bida
57%
BramkarzGrzegorz Sandomierski
57%
PomocnikMartin Pospisil
54%
ObrońcaZoran Arsenić
52%
ObrońcaJakub Wójcicki
44%
ObrońcaBartosz Kwiecień
41%
ObrońcaBodvar Bodvarsson
39%
PomocnikJuan Camara
39%
NapastnikOgnjen Mudrinski
39%
PomocnikMartin Kostal
38%
ObrońcaNemanja Mitrović
38%
PomocnikTomas Prikryl
37%
ObrońcaAndrzej Kadlec
32%
BramkarzKrsevan Santini
31%
PomocnikMarko Poletanović
30%
ObrońcaGuilherme Sitya
29%
PomocnikPrzemysław Mystkowski
29%
BramkarzHubert Gostomski
26%
PomocnikKarol Struski
21%
PomocnikMile Savković
21%
NapastnikMaciej Twarowski
14%
PomocnikOleg Horin
13%
PomocnikMikołaj Nawrocki
12%
NapastnikAleksander Stawiarz
8%

Rozkład punktacji

Percentyl według liczby udzielonych odpowiedzi

Procent ludzi z każdym wynikiem

Twoja historia wyników

Nie rozwiązałeś tego quizu od ostatniego zresetowania